000 00545nam a2200205Ia 4500
001 18425
003 GE_BSU
008 181216s||||||||xx |||||||||||||| ||und||
020 _a9781405116589
040 _cGE_BSU
100 _aChild, John
245 _aOrganization: Contemporary Principles and Practice
260 _aMalden
260 _bBlackwell
260 _c2005
300 _a424 p. 25cm.
653 _aOrganization: Contemporary Principles and Practice
653 _aმართვა. მენეჯმენტი
942 _cBK
999 _c51439
_d51439